[Event "AUTO-OPEN-4217"]
[Site "http://www.queenalice.com/game.php?id=1628831"]
[Date "2020.10.2"]
[Round "1"]
[White "SGrillo"]
[Black "orothain"]
[Result "0-1"]
[WhiteElo "1676"]
[BlackElo "1762"]

1. e4 e5 2. Nf3 Nc6 3. Bb5 a6 4. Bxc6 dxc6 5. h3 Bd6 6. O-O Nf6 7. d3 O-O 8. Bg5
Be6 9. Nc3 h6 10. Bh4 b5 11. Bxf6 Qxf6 12. Nh2 Bb4 13. Qd2 Qg6 14. Qe3 Bc5 15.
Qf3 Bd4 16. Rfb1 c5 17. Ne2 c4 18. Nxd4 exd4 19. Rc1 Qg5 20. Kh1 Qd2 21. Nf1 Qb4
22. Rcb1 Qd6 23. Ng3 cxd3 24. cxd3 c5 25. b3 Qd7 26. Rc1 Rac8 27. Rc2 Rc6 28.
Rac1 Rfc8 29. Nf5 Bxf5 30. Qxf5 Qxf5 31. exf5 Kf8 32. Kg1 Ke7 33. Re1+ Kf6 34.
g4 g6 35. fxg6 fxg6 36. f4 c4 37. dxc4 bxc4 38. b4 d3 39. Rc3 Re6 40. Rxe6+ Kxe6
41. Kf2 Kd5 42. Ke1 Re8+ 43. Kd2 Re2+ 44. Kd1 Rxa2 0-1

[Event "AUTO-OPEN-4217"]
[Site "http://www.queenalice.com/game.php?id=1628832"]
[Date "2020.10.2"]
[Round "1"]
[White "orothain"]
[Black "SGrillo"]
[Result "1-0"]
[WhiteElo "1740"]
[BlackElo "1704"]

1. e4 e5 2. Nf3 Nc6 3. Bb5 a6 4. Ba4 b5 5. Bb3 Bb7 6. d3 d6 7. a3 Na5 8. Ba2 Nf6
9. O-O Be7 10. b4 Nc6 11. Bb2 O-O 12. c4 Nb8 13. Nc3 bxc4 14. Bxc4 h6 15. Nh4
Kh7 16. Nf5 Bc8 17. Qf3 Bxf5 18. Qxf5+ g6 19. Qf3 Nbd7 20. Nd5 Nxd5 21. Bxd5 Nf6
22. Bxa8 Qxa8 23. Rac1 Qb8 24. Rc4 Ng8 25. Rfc1 Bd8 26. d4 1-0

[Event "AUTO-OPEN-4217"]
[Site "http://www.queenalice.com/game.php?id=1628857"]
[Date "2020.10.2"]
[Round "1"]
[White "princesher"]
[Black "orothain"]
[Result "1-0"]
[WhiteElo "1818"]
[BlackElo "1775"]

1. e4 e5 2. a3 d5 3. exd5 Qxd5 4. Nc3 Qa5 5. h3 c5 6. Qe2 Nc6 7. Qb5 a6 8. Qxa5
Nxa5 9. Nd5 Ne7 10. Nc7+ Kd7 11. Nxa8 Kc6 12. g4 b5 13. Bg2+ Nd5 14. Bxd5+ 1-0

[Event "AUTO-OPEN-4217"]
[Site "http://www.queenalice.com/game.php?id=1628858"]
[Date "2020.10.2"]
[Round "1"]
[White "orothain"]
[Black "princesher"]
[Result "0-1"]
[WhiteElo "1761"]
[BlackElo "1868"]

1. e4 e5 2. Nf3 d6 3. d4 f6 4. dxe5 fxe5 5. c4 Bg4 6. Be2 Bxf3 7. Bxf3 h6 8. Nc3
c6 9. b4 g6 10. O-O h5 11. b5 cxb5 12. cxb5 Nf6 13. Bg5 Be7 14. Bxf6 Bxf6 15.
Nd5 Nd7 16. Rc1 Nc5 17. a4 Bg5 18. Rc3 b6 19. Ra3 Qd7 20. Qd3 Nxd3 0-1

[Event "AUTO-OPEN-4217"]
[Site "http://www.queenalice.com/game.php?id=1628873"]
[Date "2020.10.2"]
[Round "1"]
[White "Danado"]
[Black "orothain"]
[Result "0-1"]
[WhiteElo "1539"]
[BlackElo "1755"]

1. e4 e5 2. h3 Nf6 3. Nc3 Bb4 4. f3 Bxc3 5. dxc3 d5 6. exd5 Qxd5 7. Qxd5 Nxd5 8.
g3 Nc6 9. Bb5 Bd7 10. Bxc6 Bxc6 11. Bd2 O-O-O 12. O-O-O Nf6 13. Bg5 Rxd1+ 14.
Kxd1 Nh5 15. g4 f6 16. Be3 Ng3 17. Rh2 Nf1 18. Re2 Nxe3+ 19. Kc1 Nc4 20. Re1 Rd8
21. b3 Nd6 22. c4 Nf7 23. Re3 g6 24. h4 h5 25. gxh5 gxh5 26. Rc3 Nh8 27. f4 Ng6
28. fxe5 fxe5 29. Re3 e4 30. b4 Re8 31. b5 Bd7 32. Ne2 Bg4 33. Nc3 Bf3 34. Nd5
Rf8 35. Kd2 Nxh4 36. c5 b6 37. Ne7+ Kd7 38. Nd5 Rf5 39. c6+ Kd6 40. Nc3 Ng2 41.
Nxe4+ Bxe4 42. Rxe4 Rxb5 0-1

[Event "AUTO-OPEN-4217"]
[Site "http://www.queenalice.com/game.php?id=1628874"]
[Date "2020.10.2"]
[Round "1"]
[White "orothain"]
[Black "Danado"]
[Result "1-0"]
[WhiteElo "1729"]
[BlackElo "1604"]

1. e4 e5 2. Nf3 Nc6 3. Bb5 f6 4. O-O a6 5. Ba4 d5 6. Bxc6+ bxc6 7. d3 dxe4 8.
dxe4 Bg4 9. Nbd2 Qd7 10. b3 Bxf3 11. Qxf3 Nh6 12. h3 Bd6 13. Nc4 O-O 14. Bxh6
gxh6 15. Qg4+ Qxg4 16. hxg4 Bc5 17. Na5 Bd4 18. Rad1 c5 19. Rd3 Bb2 20. Rfd1 Bc3
21. Rxc3 h5 22. gxh5 h6 23. Rxc5 1-0

[Event "AUTO-ADV-4830"]
[Site "http://www.queenalice.com/game.php?id=1848404"]
[Date "2024.12.7"]
[Round "1"]
[White "Castling"]
[Black "orothain"]
[Result "1-0"]
[WhiteElo "1545"]
[BlackElo "1858"]

1. e4 e5 2. Bc4 Nf6 3. d3 c6 4. Bg5 Be7 5. h3 h6 6. Be3 b5 7. Bb3 O-O 8. Nf3 a5
9. a3 a4 10. Ba2 d6 11. Nbd2 Be6 12. Bxe6 fxe6 13. Qe2 d5 14. Nxe5 Qe8 15. Ndf3
dxe4 16. dxe4 Nxe4 17. O-O-O Bf6 18. Bxh6 Nxf2 19. Qxf2 gxh6 20. h4 Bxe5 21. Qe3
Bg7 22. g4 Qg6 23. g5 Kh7 24. Rhg1 Qf5 25. g6+ Kh8 26. Nd4 Qf4 27. Qxf4 Rxf4 28.
Nxe6 1-0

[Event "AUTO-ADV-4830"]
[Site "http://www.queenalice.com/game.php?id=1848405"]
[Date "2024.12.7"]
[Round "1"]
[White "orothain"]
[Black "Castling"]
[Result "0-1"]
[WhiteElo "1815"]
[BlackElo "1580"]

1. e4 e5 2. Nf3 d6 3. Nc3 a6 4. d3 h6 5. Be3 Nc6 6. d4 Bg4 7. h3 Bh5 8. Be2 Nf6
9. Qd2 Qe7 10. Nh4 Bxe2 11. Nf5 Qd7 12. Nxe2 O-O-O 13. O-O-O g6 14. Nh4 Nxe4 15.
Qd3 exd4 16. Nxd4 Nxd4 17. Qxd4 Nxf2 18. Bxf2 Be7 19. Qa7 Qc6 20. Rd3 d5 21.
Rhd1 Bg5+ 22. Kb1 b5 23. Rc3 Qb7 24. Nf3 Qxa7 25. Bxa7 Kb7 26. Nxg5 hxg5 27. Bd4
Rhe8 28. Bf6 Rd6 29. Bxg5 d4 30. Rf3 f5 0-1

[Event "AUTO-ADV-4830"]
[Site "http://www.queenalice.com/game.php?id=1848418"]
[Date "2024.12.7"]
[Round "1"]
[White "Canaye14"]
[Black "orothain"]
[Result "1-0"]
[WhiteElo "1881"]
[BlackElo "1829"]

1. d4 d5 2. Nf3 Nc6 3. Bf4 f6 4. e3 Bg4 5. Be2 Bxf3 6. Bxf3 e6 7. h4 Bb4+ 8. c3
Bd6 9. Bxd6 Qxd6 10. Nd2 Nge7 11. Qc2 O-O-O 12. a4 a6 13. O-O Nf5 14. h5 g6 15.
b4 gxh5 16. Bxh5 Nh6 17. b5 axb5 18. axb5 Nb8 19. Ra8 Kd7 20. c4 f5 21. c5 Qe7
22. c6+ bxc6 23. bxc6+ Nxc6 24. Raa1 Qh4 25. Bf3 Ng4 26. Bxg4 fxg4 27. Nb3 Ne7
28. Nc5+ Ke8 29. Nxe6 Kf7 30. Nxd8+ Rxd8 31. Ra7 Rd6 32. Rxc7 Rh6 33. Qf5+ Kg7
34. Rxe7+ Qxe7 35. Qxg4+ Rg6 36. Qf3 Qg5 37. Rb1 h5 38. Rb7+ Kh6 39. Rb5 Rd6 40.
Qf8+ 1-0

[Event "AUTO-ADV-4830"]
[Site "http://www.queenalice.com/game.php?id=1848419"]
[Date "2024.12.7"]
[Round "1"]
[White "orothain"]
[Black "Canaye14"]
[Result "0-1"]
[WhiteElo "1874"]
[BlackElo "1877"]

1. e4 Nc6 2. d4 e6 3. Nc3 Bb4 4. a3 Bxc3+ 5. bxc3 d5 6. exd5 Qxd5 7. Nf3 b5 8.
Be3 Nf6 9. Bd3 Ng4 10. h3 Nxe3 11. fxe3 O-O 12. Qe2 a6 13. O-O e5 14. Nd2 Kh8
15. c4 bxc4 16. Bxc4 Qd8 17. c3 Qg5 18. Kh2 f5 19. Nf3 Qf6 20. Bd5 Bd7 21. c4
Rab8 22. Bxc6 Bxc6 23. Nxe5 Rbe8 24. g4 Qd6 25. Rxf5 Rxf5 26. gxf5 Kg8 27. Qh5
Rxe5 28. dxe5 Qxe5+ 29. Kg1 Qxa1+ 30. Kf2 Qxa3 31. Qg4 Qb2+ 32. Kg3 Qg2+ 33. Kf4
Qxg4+ 34. hxg4 Kf7 0-1

[Event "AUTO-ADV-4830"]
[Site "http://www.queenalice.com/game.php?id=1848428"]
[Date "2024.12.7"]
[Round "1"]
[White "orothain"]
[Black "carlitomontana93270"]
[Result "0-1"]
[WhiteElo "1788"]
[BlackElo "1798"]

1. e4 c5 2. Nf3 d6 3. d4 cxd4 4. Nxd4 g6 5. Nc3 Bg7 6. Bb5+ Bd7 7. O-O Nf6 8.
Re1 O-O 9. b3 a6 10. Be2 Nc6 11. Be3 e5 12. Nf3 Be6 13. Nd5 Nxd5 14. exd5 e4 15.
dxc6 bxc6 16. Ng5 Bf5 17. Rb1 h6 18. Nh3 Bxh3 19. gxh3 f5 20. c4 f4 21. Bd4 f3
22. Bxg7 Kxg7 23. Bf1 Qg5+ 24. Kh1 Qe5 25. Qc2 Rae8 26. Re3 h5 27. Rd1 Rf4 28.
Qd2 Re6 29. Qd4 Qf6 30. Qxf6+ Rexf6 31. Rd4 c5 32. Rdxe4 R4f5 33. Re7+ Kh6 34.
R7e6 a5 35. Bd3 Rf4 36. Rxf6 Rxf6 37. Be4 h4 38. Rxf3 Re6 39. Re3 Kg5 40. Bd5
Rf6 41. Kg2 Kf4 42. Re6 Rxe6 43. Bxe6 g5 44. Bd5 Ke5 45. Bf3 Kf4 46. Bd5 Kf5 47.
Kf3 Ke5 0-1

[Event "AUTO-ADV-4830"]
[Site "http://www.queenalice.com/game.php?id=1848429"]
[Date "2024.12.7"]
[Round "1"]
[White "carlitomontana93270"]
[Black "orothain"]
[Result "0-1"]
[WhiteElo "1819"]
[BlackElo "1781"]

1. c4 e5 2. d3 Nf6 3. e3 d5 4. cxd5 Nxd5 5. g3 Bb4+ 6. Bd2 O-O 7. Bg2 Bc5 8. Nf3
Bg4 9. O-O c6 10. Nc3 Nxc3 11. Bxc3 Nd7 12. h3 Bh5 13. Qb3 b5 14. Nxe5 Qc7 15.
Nxd7 Qxd7 16. d4 Bb6 17. Bb4 Rfe8 18. Rac1 Rec8 19. Rc2 a5 20. Bd2 Be2 21. Re1
Bc4 22. Qa3 Bd5 23. b3 Bxg2 24. Kxg2 Qd5+ 25. Kh2 Qf3 26. Qd6 Qxf2+ 27. Kh1 Qf3+
28. Kh2 Qd5 29. Qf4 Bc7 30. Qf3 Qxf3 31. Bc3 Qxg3+ 32. Kh1 Re8 33. Rg1 Qxh3+ 0-1

[Event "AUTO-OPEN-4563"]
[Site "http://www.queenalice.com/game.php?id=1848509"]
[Date "2024.12.10"]
[Round "1"]
[White "orothain"]
[Black "pomar"]
[Result "1-0"]
[WhiteElo "1781"]
[BlackElo "1932"]

1. e4 e6 2. d4 d5 3. Nc3 Bb4 4. Bd2 Bxc3 5. Bxc3 c5 6. dxc5 Nf6 7. Bd3 dxe4 8.
Bb5+ Nc6 9. Qxd8+ Kxd8 10. O-O-O+ Ke7 11. Bxc6 bxc6 12. Ne2 Ba6 13. Ng3 Rhd8 14.
Rhe1 Rxd1+ 15. Rxd1 Bc4 16. b3 Ba6 17. Bxf6+ gxf6 18. Nxe4 Rg8 19. g3 Be2 20.
Rd4 f5 21. Nc3 Bf3 22. Ra4 Ra8 23. Ra6 Kd7 24. Nb1 Kc7 25. Nd2 Bd5 26. c4 Be4
27. Nxe4 fxe4 28. b4 Kb7 29. Ra3 a6 30. Re3 f5 31. Re2 Rd8 32. Rd2 Kc7 33. Rxd8
Kxd8 34. Kd2 e5 35. Ke3 Ke7 36. a4 Kd7 37. f4 exf3 38. Kxf3 h5 39. h3 Ke6 40. b5
cxb5 41. cxb5 axb5 42. axb5 Kd5 43. c6 Kd4 44. c7 Kd3 45. c8=Q e4+ 46. Kf2 e3+
47. Ke1 Ke4 48. Qc6+ Ke5 49. b6 f4 50. gxf4+ Kxf4 51. Ke2 Kg3 52. Qf3+ Kh4 53.
b7 Kg5 54. b8=Q Kg6 55. Qd5 Kh6 56. Qbd6+ Kg7 57. Qb7+ 1-0

[Event "AUTO-OPEN-4563"]
[Site "http://www.queenalice.com/game.php?id=1848510"]
[Date "2024.12.10"]
[Round "1"]
[White "pomar"]
[Black "orothain"]
[Result "1-0"]
[WhiteElo "1919"]
[BlackElo "1799"]

1. f3 e5 2. Kf2 d5 3. e3 Nc6 4. g3 Nf6 5. Bh3 Bc5 6. Kg2 Be6 7. Bxe6 fxe6 8. Nh3
h6 9. Nc3 Qe7 10. a3 d4 11. exd4 exd4 12. Na4 Bd6 13. b4 O-O-O 14. Re1 e5 15.
Nf4 Qf7 16. Nd3 Rhe8 17. Bb2 Nd7 18. c3 Qg6 19. Nf2 Be7 20. cxd4 exd4 21. d3 Bf6
22. Ne4 a6 23. Qd2 Nf8 24. Rac1 Nh7 25. Qf4 Ng5 26. Qg4+ Kb8 27. f4 Qf7 28. fxg5
Ne5 29. Qh4 Bxg5 30. Nxg5 hxg5 31. Qxg5 Nxd3 32. Rxe8 Rxe8 33. Rf1 Qb3 34. Qxg7
Qxa4 35. Bxd4 b6 36. Rf7 Rc8 37. Bxb6 Qc6+ 38. Kf1 Qxb6 39. h4 a5 40. Qc3 Qd6
41. Kg2 1-0

[Event "AUTO-OPEN-4563"]
[Site "http://www.queenalice.com/game.php?id=1848511"]
[Date "2024.12.10"]
[Round "1"]
[White "orothain"]
[Black "Rafale2000"]
[Result "1/2-1/2"]
[WhiteElo "1772"]
[BlackElo "2006"]

1. e4 Nf6 2. Nc3 d5 3. exd5 Nxd5 4. Nxd5 Qxd5 5. d4 Nc6 6. Nf3 Bg4 7. c3 e6 8.
Be2 Be7 9. h3 Bh5 10. O-O O-O-O 11. Bf4 Rhe8 12. Ne5 Bxe2 13. Qxe2 Nxe5 14. Qxe5
Qxe5 15. Bxe5 f6 16. Bf4 g5 17. Bh2 Bd6 18. Rfe1 Bxh2+ 19. Kxh2 b5 20. a4 a6 21.
axb5 axb5 22. Ra8+ Kd7 23. Rxd8+ Rxd8 24. Kg3 h5 25. h4 Ra8 26. hxg5 Rg8 27. Rh1
Rxg5+ 28. Kf3 c5 29. dxc5 Rxc5 30. Rd1+ Ke7 31. Rd4 Rg5 32. b3 Rc5 33. c4 bxc4
34. Rxc4 Kd6 35. Rxc5 Kxc5 36. Ke4 Kb4 37. Kd4 Kxb3 38. g3 Kc2 39. Ke3 Kc3 40.
f4 f5 41. Ke2 Kd4 42. Kf3 e5 43. fxe5 Kxe5 44. Ke3 f4+ 45. gxf4+ Kf5 46. Kf3 h4
47. Kg2 Kxf4 48. Kh2 Kg4 49. Kg2 h3+ 50. Kg1 Kg3 51. Kh1 Kg4 52. Kg1 1/2-1/2

[Event "AUTO-OPEN-4563"]
[Site "http://www.queenalice.com/game.php?id=1848512"]
[Date "2024.12.10"]
[Round "1"]
[White "Rafale2000"]
[Black "orothain"]
[Result "1-0"]
[WhiteElo "1961"]
[BlackElo "1790"]

1. e4 e5 2. Nf3 Nc6 3. d4 Nxd4 4. Nxe5 Ne6 5. Qh5 g6 6. Qf3 f6 7. Ng4 Nd4 8. Qd3
Bc5 9. Be3 d6 10. f3 Bxg4 11. Bxd4 Bxd4 12. Qxd4 Bd7 13. Bc4 Nh6 14. Nc3 c6 15.
Qxd6 Nf7 16. Bxf7+ Kxf7 17. O-O-O Re8 18. Rhe1 Re6 19. Qxd7+ Qxd7 20. Rxd7+ Re7
21. Red1 Rb8 22. f4 Ke8 23. Rxe7+ Kxe7 24. g4 h5 25. h3 h4 26. b4 b5 27. a3 a6
28. Rd4 1-0

[Event "Challenge"]
[Site "http://www.queenalice.com/game.php?id=1859517"]
[Date "2025.7.6"]
[Round "-"]
[White "Mr_SPOCK"]
[Black "orothain"]
[Result "0-1"]
[WhiteElo "1752"]
[BlackElo "1803"]

1. e4 e5 2. Qh5 Nf6 3. Qxe5+ Be7 4. d3 Nc6 5. Qg3 g6 6. Nc3 d6 7. Bg5 Nh5 8. Qe3
Bxg5 9. Qe2 Nd4 10. Qd1 a6 11. Nf3 Bg4 12. Be2 Bxf3 13. gxf3 Nf4 14. h4 Bf6 15.
a4 Bxh4 16. Qd2 Qg5 17. Kd1 Bxf2 18. Nd5 Kd7 19. Nxf4 Nxe2 20. Kxe2 Bd4 21. c3
Bg7 22. Rag1 Qa5 23. Ra1 g5 24. b4 Qe5 25. d4 Qxf4 26. Qd3 Rae8 27. Kf2 g4 28.
Rhg1 h5 29. Rg3 Bh6 30. Re1 Qd2+ 31. Qxd2 Bxd2 32. Re2 Bxc3 33. b5 Bxd4+ 34. Kg2
Be5 35. bxa6 bxa6 36. f4 Bxf4 37. Rb3 Rb8 38. Rd3 f6 39. Rd5 Rb4 40. Rf5 Be5 41.
a5 Ke6 42. Re3 Rxe4 43. Rxe4 Kxf5 44. Rc4 c5 45. Rc1 Rb8 46. Kf2 Rb5 47. Ke3
Bf4+ 48. Ke2 Bxc1 49. Kd1 Be3 50. Ke2 Kf4 51. Kd3 d5 52. Ke2 c4 53. Kd1 Rb2 54.
Ke1 Rd2 55. Kf1 Kf3 56. Ke1 c3 57. Kf1 Rd1# 0-1